Southville International School and Colleges
Your cart is empty.
  • Cart
  • Lists
    Public lists Eva Luna New books Lux_list list_1
    Your lists Log in to create your own lists
  • Log in to your account
  • Your cookies
  • Search history
Southville International School and Colleges
  • Advanced search
  • Recent comments
  • Most popular
  • Libraries

Log in to your account

Log in with GOOGLE


If you do not have an external account, but do have a local account, you can still log in:

  1. Home
  2. MARC view: Action oriented leadership and J.V. Sotejo :
Normal view MARC view ISBD view

Action oriented leadership and J.V. Sotejo : (Record no. 293651)

[ view plain ]
MARC details
000 -LEADER
fixed length control field 00848nam a2200277Ia 4500
003 - CONTROL NUMBER IDENTIFIER
control field SMC
005 - DATE AND TIME OF LATEST TRANSACTION
control field 20170208121719.0
008 - FIXED-LENGTH DATA ELEMENTS--GENERAL INFORMATION
fixed length control field 160418s9999 xx 000 0 und d
020 ## - INTERNATIONAL STANDARD BOOK NUMBER
International Standard Book Number 971-922-380-4
050 ## - LIBRARY OF CONGRESS CALL NUMBER
Classification number FIL LG 976.A3
050 ## - LIBRARY OF CONGRESS CALL NUMBER
Item number .T86 2001 c.3
100 ## - MAIN ENTRY--PERSONAL NAME
Personal name Tungpalan, Luz Buenavista -
245 ## - TITLE STATEMENT
Title Action oriented leadership and J.V. Sotejo :
245 ## - TITLE STATEMENT
Remainder of title a biography /
245 ## - TITLE STATEMENT
Statement of responsibility, etc Luz Buenavista-Tungpalan.
260 ## - PUBLICATION, DISTRIBUTION, ETC. (IMPRINT)
Place of publication, distribution, etc Manila :
260 ## - PUBLICATION, DISTRIBUTION, ETC. (IMPRINT)
Name of publisher, distributor, etc U.P. College of Nursing Found., Inc.,
260 ## - PUBLICATION, DISTRIBUTION, ETC. (IMPRINT)
Date of publication, distribution, etc 2001
300 ## - PHYSICAL DESCRIPTION
Extent 546 pages :
300 ## - PHYSICAL DESCRIPTION
Other physical details color illustrations ;
300 ## - PHYSICAL DESCRIPTION
Dimensions 23 cm.
500 ## - GENERAL NOTE
General note Includes index.
650 ## - SUBJECT ADDED ENTRY--TOPICAL TERM
Topical term or geographic name as entry element University of the Philippines (Manila) -- College of nursing -- Faculty -- Biography.
650 ## - SUBJECT ADDED ENTRY--TOPICAL TERM
General subdivision University of the Philippines (Manila) -- College of nursing.
942 ## - ADDED ENTRY ELEMENTS (KOHA)
Source of classification or shelving scheme Library of Congress Classification
Koha item type Books
Holdings
Withdrawn status Lost status Damaged status Home library Current library Shelving location Date acquired Cost, normal purchase price Total Checkouts Full call number Barcode Date last seen Price effective from Koha item type
      South Mansfield College South Mansfield College Filipiniana Section 03/07/2005 700.00   FIL LG 976.A3 .T86 2001 c.3 SMC00682 04/18/2016 04/18/2016  

Action oriented leadership and J.V. Sotejo :

APA

Tungpalan L. B. ., .Action oriented leadership and J.V. Sotejo. Manila: .

Chicago

Tungpalan Luz Buenavista, .Action oriented leadership and J.V. Sotejo. Manila: .

Harvard

Tungpalan L. B. ., .Action oriented leadership and J.V. Sotejo. Manila: .

MLA

Tungpalan Luz Buenavista, .Manila: . .

  • Place hold
  • Print
  • Cite
  • Add to your cart (remove)
  • Save record
    BIBTEX Dublin Core MARCXML MARC (non-Unicode/MARC-8) MARC (Unicode/UTF-8) MARC (Unicode/UTF-8, Standard) MODS (XML) RIS
  • More searches
    Search for this title in:
    Other Libraries (WorldCat) Other Databases (Google Scholar) Online Stores (Bookfinder.com) Open Library (openlibrary.org)

Exporting to Dublin Core...

SOUTHVILLE LIBRARY

Southville International School and Colleges Library

1281 Tropical Ave. Cor. Luxembourg St., BF Homes International, Las Pinas City

Tel. No. 8256374 / 252358 Loc. 117/146

Powered by Koha